000
00205 a2200097 4500
001
36659
100
_a
A Hameed
245
_a
Adoray Khawab
260
_a
Lahore
_b
Maqbool Academy
_c
090
_c
23707
_d
23707
942
_a
NUST-CAE
_c
M
_c
15233
999
_c
271732
_d
271732